000 00279nam a2200109Ia 4500
008 190914s9999||||xx |||||||||||||| ||und||
100 _aPhilip Kotler
245 0 _aMarketing Management Analysis planning
260 _aNew Delhi
_bBantam Books
_c1997
300 _a421
942 _cBK
999 _c9116
_d9116